000 00332 a2200109 4500
001 ART_25809
005 20260410161602.0
008 260409a
245 1 0 _aLos costos en las haciendas públicas
100 1 _aRodríguez, Roberto Mario
773 0 _tProfesional & Empresaria
_g- Año VI, Nº 74 (nov. 2005)
_wREV70
999 _c9769
_d9769